Dlhodobá investícia

Finančno-ekonomická analýza podniku Solivary, a.s., Prešov. Predmet podnikania. Konkurencieschopnosť spoločnosti. Finančné a ekonomické ukazovatele. Swot analýza. Obchodovateľnosť akcií na kapitálovom trhu.

Gespeichert in:
Bibliographische Detailangaben
1. Verfasser: Kukučka, Jaroslav
Format: Buch
Sprache:Slowakisch
Schlagworte:
Tags: Tag hinzufügen
Keine Tags, Fügen Sie das erste Tag hinzu!

MARC

LEADER 00000nam a2200000 4500
001 r031075
005 20251104124712.4
041 0 |a slo 
044 |a SK 
245 1 0 |a Dlhodobá investícia  |c Jaroslav Kukučka 
520 |a Finančno-ekonomická analýza podniku Solivary, a.s., Prešov. Predmet podnikania. Konkurencieschopnosť spoločnosti. Finančné a ekonomické ukazovatele. Swot analýza. Obchodovateľnosť akcií na kapitálovom trhu. 
610 2 0 |a analýza finančná 
610 2 0 |a analýza ekonomická 
610 2 0 |a soľ 
610 2 0 |a Slovensko 
610 2 0 |a ukazovatele finančné 
610 2 0 |a ukazovatele ekonomické 
610 2 0 |a likvidita 
610 2 0 |a konkurencieschopnosť 
610 2 0 |a analýza swot 
610 2 0 |a akcie 
610 2 0 |a trh kapitálový 
610 2 0 |a Solivary, a.s. Prešov 
100 1 |a Kukučka, Jaroslav